Corinne Hofmannová: Návrat z Afriky

Bibliographic Details
Main Author: Bednáriková, Antonia (Author)
Format: Article
Language:Slovak
ISSN:1210-1982
Subjects:

MARC

LEADER 00000nab a2200000 ar4500
001 vtls009005332
003 SK-MaSNL
005 20260303065702.0
008 070706c2007 xo er|p|||||||000 b|slo
015 |a SNBRB2007/07  |2 snkbucl 
038 |a SNKBUCL 
040 |a SNKBUCL  |b slo  |c SNKBUCL  |e AACR2 
041 0 |a slo 
044 |a xo  |c SK 
080 |a 82.09:821.112.2 (494)-312.6  |x (048)  |2 2001 
080 |a 821.112.2 (494)-312.6  |x (048)  |2 2001 
100 1 |a Bednáriková, Antonia  |4 aut  |9 855571 
245 1 0 |a Corinne Hofmannová: Návrat z Afriky  |c Antonia Bednáriková 
650 0 7 |a autobiografické romány, švajčiarske nemecké  |x recenzie  |2 snkbucl  |9 1059594 
655 7 |a recenzie  |2 snkbucl  |9 21907 
773 0 |t Knižná revue  |g Roč. XVII, č. 13 (2007), s. 8  |x 1210-1982 
787 0 8 |i Rec.:  |a Hofmann, Corinne, 1960-  |t Návrat z Afriky  |d Bratislava : Ikar, 2007  |z 9788055114682 
852 |a SNK  |b KIS3GCP 
958 |a LX 
958 |a CH 
958 |a RC 
999 |c 1752192  |d 1754122